000 003940000a22001450004500
005 20120302062637.0
942 _cBOOK
100 _a CERNEY,J.V.
245 _a TALK YOPUR WAY TO SUCCESS WITH PEOPLE
250 _a 9TH
260 _aGHAZIABAD: TARANG PAPERBACKS , 1984
300 _a204 P.
040 _aENG
650 _aSANKIRNA/ SELF IMPROVEMENT / WORD POWER/ COMMUNICATION/ SPEECH MAKING
999 _c357272
_d357269